Descendants - Statistics

General Stats
  • This quiz has been taken 137 times
  • The average score is 13 of 15
Answer Stats
Hint Answer % Correct
Son of cruella de vil Carlos
100%
Daughter of the evil queen Evie
100%
Son of jafar Jay
100%
Daughter of maleficent Mal
100%
Son of belle and adam Ben
99%
Daughter of Ursula Uma
99%
Daughter of aurora Audrey
96%
Son of cinderella Chad
95%
Son of captain hook Harry
95%
Daughter of the fairy god mother Jane
93%
Son of gaston Gil
86%
Daughter of drizella Dizzy
85%
Daughter of mulan Lonnie
77%
Son of dopey Doug
74%
Daughter of dr facilier Freddie
13%
No matching quizzes found
Score Distribution
Percent of People with Each Score
Percentile by Number Answered
Your Score History
You have not taken this quiz